00237nam a22001097a 4500003000500000038001100005082001300016100001800029245002900047260003800076300001300114NUST awaseem a821bRAK aRakhsha, A.B. aTaah Aab /cA.B. Rakhsha aHaripur :bHamza Printers,c2005. a223 p. ;